پوشکیں : (Record no. 108166)

MARC details
000 -LEADER
fixed length control field 00865nam a22002537a 4500
005 - DATE AND TIME OF LATEST TRANSACTION
control field 20170123162336.0
010 ## - LIBRARY OF CONGRESS CONTROL NUMBER
LC control number 992531
020 ## - INTERNATIONAL STANDARD BOOK NUMBER
Terms of availability 12.00
035 ## - SYSTEM CONTROL NUMBER
System control number 992531
037 ## - SOURCE OF ACQUISITION
Source of stock number/acquisition Cen Lib/Ret
040 ## - CATALOGING SOURCE
Original cataloging agency DPL
Language of cataloging UR
082 ## - DEWEY DECIMAL CLASSIFICATION NUMBER
Classification number 921
Item number پ و ش
100 ## - MAIN ENTRY--PERSONAL NAME
Personal name ظ انصاری
9 (RLIN) 124284
245 ## - TITLE STATEMENT
Title پوشکیں :
Statement of responsibility, etc ظ انصاری
Remainder of title ایلکسا ندر سر گی و چ پوشکیں کی زندگی اور متلا /
246 ## - VARYING FORM OF TITLE
Title proper/short title Poshkin : Elexedar Sargi v Ch Poshkin ki zindagi aur fan mutalea /
Remainder of title by Z Ansari
260 ## - PUBLICATION, DISTRIBUTION, ETC. (IMPRINT)
Name of publisher, distributor, etc ترقی اردو بورڈ
Place of publication, distribution, etc دہلی
Date of publication, distribution, etc 1976
270 ## - ADDRESS
City دہلی
300 ## - PHYSICAL DESCRIPTION
Extent 232p.
Dimensions 21cm(Hb)
650 ## - SUBJECT ADDED ENTRY--TOPICAL TERM
Topical term or geographic name as entry element ادب -- اردو
9 (RLIN) 124285
650 ## - SUBJECT ADDED ENTRY--TOPICAL TERM
Topical term or geographic name as entry element اردو سوانے عمری
9 (RLIN) 124286
650 ## - SUBJECT ADDED ENTRY--TOPICAL TERM
Topical term or geographic name as entry element Literature -- urdu
9 (RLIN) 124287
650 ## - SUBJECT ADDED ENTRY--TOPICAL TERM
Topical term or geographic name as entry element urdu biography
9 (RLIN) 511
942 ## - ADDED ENTRY ELEMENTS (KOHA)
Source of classification or shelving scheme Dewey Decimal Classification
Koha item type Urdu Bks
Classification part 921
Call number suffix پ و ش
Holdings
Withdrawn status Lost status Damaged status Not for loan Home library Current library Date acquired Source of acquisition Cost, normal purchase price Total Checkouts Full call number Barcode Date last seen Copy number Cost, replacement price Price effective from Koha item type
        Central Library Central Library 15/01/2016 Cen Lib/Ret 12.00   921 پ و ش 992531 15/01/2016 1 12.00 15/01/2016 Urdu Bks

© Delhi Public Library
Hit Counter
free hit counter